[Event "Tula CC-ch"]
[Site "Tula"]
[Date "2007.12.08"]
[Round "1"]
[White "Khanov, Vjacheslav"]
[Black "Chebotarev, Oleg"]
[Result "1-0"]
[WhiteElo "2168"]
[BlackElo "2512"]
[PlyCount "43"]
[EventDate "2007.12.08"]
[EventType "swiss"]
[EventRounds "9"]
[EventCountry "RUS"]
[SourceTitle "CBM 122 Extra"]
[Source "ChessBase"]
[SourceDate "2008.03.04"]
[SourceVersion "1"]
[SourceVersionDate "2008.03.04"]
[SourceQuality "1"]

1. d4 d5 2. c4 Nf6 3. cxd5 Nxd5 4. e4 Nb6 5. Nc3 Nc6 6. Be3 e5 7. d5 Ne7 8. Be2 Ng6 9. Nf3 Bd6 10. 0-0 0-0 11. b3 Nh4 12. Qd2 a6 13. Nxh4 Be7 14. Nf3 f5 15. Bg5 f4 16. Bxe7 Qxe7 17. Rfd1 Rf6 18. Na4 Nd7 19. Qc3 b5 20. Nb2 Nb6 21. Qxe5 Qf7 22. Rac1 1-0

[Event "Lipetsk King's Gambit-A"]
[Site "Lipetsk"]
[Date "2007.06.28"]
[Round "9"]
[White "Zontakh, Andrey"]
[Black "Chebotarev, Oleg"]
[Result "1-0"]
[WhiteElo "2549"]
[BlackElo "2514"]
[PlyCount "151"]
[EventDate "2007.06.22"]
[EventType "tourn"]
[EventRounds "14"]
[EventCountry "RUS"]
[EventCategory "9"]
[SourceTitle "CBM 119 Extra"]
[Source "ChessBase"]
[SourceDate "2007.09.04"]
[SourceVersion "1"]
[SourceVersionDate "2007.09.04"]
[SourceQuality "1"]

1. d4 d5 2. c4 e6 3. Nf3 Nf6 4. g3 dxc4 5. Bg2 Bb4+ 6. Bd2 a5 7. Qc2 Bxd2+ 8. Qxd2 c6 9. a4 b5 10. axb5 cxb5 11. Qg5 0-0 12. Qxb5 Ba6 13. Qa4 Qb6 14. 0-0 Qxb2 15. Nbd2 Bb5 16. Nxc4 Bxa4 17. Nxb2 Bb5 18. Ne5 Ra6 19. Rfe1 a4 20. e3 Nbd7 21. Nec4 Nd5 22. Na3 Bc6 23. Rec1 Rfa8 24. Nd3 Rb6 25. Bf1 N5f6 26. Nc4 Rbb8 27. Ra3 Bd5 28. Nd2 Ne4 29. Nxe4 Bxe4 30. Bg2 Bxg2 31. Kxg2 Nb6 32. Rb1 h6 33. Nc5 e5 34. dxe5 Nc4 35. Rxa4 Nxe5 36. h3 Kh7 37. Rxb8 Rxb8 38. g4 Rc8 39. Nb3 Rc2 40. Nd4 Rb2 41. Ra7 Kg8 42. Ra3 Nc4 43. Ra8+ Kh7 44. Re8 Nd6 45. Re7 Kg6 46. Kf3 h5 47. Rc7 hxg4+ 48. hxg4 Kf6 49. Rc6 Ke7 50. g5 g6 51. Rc7+ Kf8 52. Rd7 Rb6 53. Kf4 Ke8 54. Ra7 Nb5 55. Ra8+ Ke7 56. Nf3 Nc7 57. Ra7 Kd6 58. Nd2 Rb5 59. Ne4+ Kc6 60. Ra4 Nd5+ 61. Kf3 Nb6 62. Ra7 Nd7 63. Kg3 Rb6 64. f4 Rb1 65. Nf6 Nxf6 66. gxf6 Kd6 67. e4 Ke6 68. e5 g5 69. fxg5 Rg1+ 70. Kf4 Rf1+ 71. Ke4 Re1+ 72. Kf3 Rf1+ 73. Ke3 Re1+ 74. Kf2 Rxe5 75. Re7+ Kf5 76. g6 1-0

[Event "Lipetsk King's Gambit-A"]
[Site "Lipetsk"]
[Date "2007.06.27"]
[Round "7"]
[White "Airapetian, Gor"]
[Black "Chebotarev, Oleg"]
[Result "1/2-1/2"]
[WhiteElo "2336"]
[BlackElo "2514"]
[PlyCount "27"]
[EventDate "2007.06.22"]
[EventType "tourn"]
[EventRounds "14"]
[EventCountry "RUS"]
[EventCategory "9"]
[SourceTitle "CBM 119 Extra"]
[Source "ChessBase"]
[SourceDate "2007.09.04"]
[SourceVersion "1"]
[SourceVersionDate "2007.09.04"]
[SourceQuality "1"]

1. e4 e6 2. d4 d5 3. e5 c5 4. c3 Nc6 5. Nf3 Nge7 6. Na3 cxd4 7. cxd4 Nf5 8. Nc2 Bd7 9. Bd3 Qb6 10. 0-0 a5 11. Bxf5 exf5 12. a3 h6 13. Nfe1 Be7 14. Nd3 1/2-1/2

[Event "Lipetsk King's Gambit-A"]
[Site "Lipetsk"]
[Date "2007.06.24"]
[Round "3"]
[White "Chebotarev, Oleg"]
[Black "Zubarev, Alexander2"]
[Result "1-0"]
[WhiteElo "2514"]
[BlackElo "2511"]
[PlyCount "105"]
[EventDate "2007.06.22"]
[EventType "tourn"]
[EventRounds "14"]
[EventCountry "RUS"]
[EventCategory "9"]
[SourceTitle "CBM 119 Extra"]
[Source "ChessBase"]
[SourceDate "2007.09.04"]
[SourceVersion "1"]
[SourceVersionDate "2007.09.04"]
[SourceQuality "1"]

1. e4 d6 2. d4 Nf6 3. Nc3 e5 4. Nf3 Nbd7 5. Bc4 Be7 6. 0-0 0-0 7. Re1 c6 8. a4 b6 9. Ba2 a6 10. Nh4 exd4 11. Qxd4 Nc5 12. Nf3 Be6 13. Bxe6 Nxe6 14. Qc4 d5 15. exd5 cxd5 16. Qd3 Nc5 17. Qd1 Nce4 18. Ne2 Ng4 19. Rf1 Bc5 20. Ned4 Re8 21. h3 Ngf6 22. Qd3 Qd7 23. Be3 Bd6 24. Rfd1 Nc5 25. Qf5 Qc7 26. Nd2 Bh2+ 27. Kh1 Be5 28. c3 Nfe4 29. N2b3 Nd6 30. Qc2 Nc4 31. Nf5 Rad8 32. a5 Nxb3 33. Qxb3 bxa5 34. Qc2 Qb7 35. b3 Nxe3 36. Nxe3 Bb8 37. Qd3 Qc7 38. g3 d4 39. cxd4 Ba7 40. Ra4 Qb7+ 41. Kg1 h5 42. h4 Qf3 43. Ng2 Qg4 44. Rd2 Re4 45. Ne3 Qf3 46. Ng2 Qg4 47. Ne3 Qg6 48. Nc2 Qe6 49. d5 Rxa4 50. dxe6 Rxd3 51. Rxd3 Re4 52. Rd8+ Kh7 53. exf7 1-0

[Event "RUS-chT2"]
[Site "Sochi"]
[Date "2007.05.11"]
[Round "9"]
[White "Bazarov, Konstantin"]
[Black "Chebotarev, Oleg"]
[Result "0-1"]
[WhiteElo "2232"]
[BlackElo "2514"]
[PlyCount "54"]
[EventDate "2007.05.03"]
[EventType "team"]
[EventRounds "9"]
[EventCountry "RUS"]
[SourceTitle "CBM 118 Extra"]
[Source "ChessBase"]
[SourceDate "2007.07.04"]
[SourceVersion "1"]
[SourceVersionDate "2007.07.04"]
[SourceQuality "1"]

1. d4 e6 2. c4 Nf6 3. Nf3 c5 4. g3 cxd4 5. Nxd4 Qc7 6. Qa4 Bc5 7. e3 b6 8. Bg2 Bb7 9. 0-0 Bxg2 10. Kxg2 0-0 11. Nd2 Qb7+ 12. f3 a6 13. Qd1 Rc8 14. b3 b5 15. Bb2 d5 16. Nc2 bxc4 17. Bxf6 cxb3 18. Nxb3 gxf6 19. Nxc5 Rxc5 20. Nd4 Nc6 21. Nb3 Rc4 22. f4 f5 23. Qh5 Ne7 24. Nd4 Qb2+ 25. Kh3 Qc3 26. Rfe1 Ng6 27. Rab1 Rxd4 0-1

[Event "RUS-chT2"]
[Site "Sochi"]
[Date "2007.05.10"]
[Round "8"]
[White "Chadaev, Nikolay"]
[Black "Chebotarev, Oleg"]
[Result "1/2-1/2"]
[WhiteElo "2486"]
[BlackElo "2514"]
[PlyCount "69"]
[EventDate "2007.05.03"]
[EventType "team"]
[EventRounds "9"]
[EventCountry "RUS"]
[SourceTitle "CBM 118 Extra"]
[Source "ChessBase"]
[SourceDate "2007.07.04"]
[SourceVersion "1"]
[SourceVersionDate "2007.07.04"]
[SourceQuality "1"]

1. e4 e6 2. d4 d5 3. e5 c5 4. c3 Nc6 5. Nf3 Nge7 6. Bd3 cxd4 7. cxd4 Nf5 8. Bxf5 exf5 9. Nc3 Be6 10. 0-0 Be7 11. Ne1 Qb6 12. Nc2 0-0 13. b3 Rac8 14. Na4 Qc7 15. Ba3 b5 16. Bxe7 Qxe7 17. Nb2 f4 18. Nd3 Qg5 19. a4 a6 20. axb5 axb5 21. Qd2 Bf5 22. Ra2 f6 23. e6 f3 24. Qxg5 fxg5 25. Ndb4 fxg2 26. Kxg2 Nxb4 27. Nxb4 Be4+ 28. f3 Rxf3 29. Rxf3 g4 30. Kg3 gxf3 31. Ra7 Re8 32. Nc6 h5 33. e7 h4+ 34. Kf2 Kf7 35. Rb7 1/2-1/2

[Event "RUS-chT2"]
[Site "Sochi"]
[Date "2007.05.08"]
[Round "6"]
[White "Matsenko, Sergei"]
[Black "Chebotarev, Oleg"]
[Result "1/2-1/2"]
[WhiteElo "2374"]
[BlackElo "2514"]
[PlyCount "29"]
[EventDate "2007.05.03"]
[EventType "team"]
[EventRounds "9"]
[EventCountry "RUS"]
[SourceTitle "CBM 118 Extra"]
[Source "ChessBase"]
[SourceDate "2007.07.04"]
[SourceVersion "1"]
[SourceVersionDate "2007.07.04"]
[SourceQuality "1"]

1. e4 e6 2. d4 d5 3. Nc3 Nf6 4. e5 Nfd7 5. f4 c5 6. Nf3 Nc6 7. Be3 a6 8. Qd2 b5 9. a3 Bb7 10. Be2 Qb6 11. 0-0 cxd4 12. Nxd4 Bc5 13. Rad1 Rc8 14. Bf2 0-0 15. Nxc6 1/2-1/2

[Event "RUS-chT2"]
[Site "Sochi"]
[Date "2007.05.07"]
[Round "5"]
[White "Kosyrev, Vladimir"]
[Black "Chebotarev, Oleg"]
[Result "1/2-1/2"]
[WhiteElo "2505"]
[BlackElo "2514"]
[PlyCount "43"]
[EventDate "2007.05.03"]
[EventType "team"]
[EventRounds "9"]
[EventCountry "RUS"]
[SourceTitle "EXT 2020"]
[Source "ChessBase"]
[SourceDate "2019.10.17"]
[SourceVersion "1"]
[SourceVersionDate "2019.10.17"]
[SourceQuality "1"]
[WhiteTeam "Moscow Spasio"]
[WhiteTeamCountry "RUS"]

1. d4 e6 2. c4 Nf6 3. Nf3 d5 4. Nc3 Be7 5. Bg5 h6 6. Bh4 0-0 7. e3 b6 8. Rc1 Bb7 9. Bxf6 Bxf6 10. cxd5 exd5 11. b4 c5 12. bxc5 bxc5 13. dxc5 Na6 14. c6 Qa5 15. cxb7 Bxc3+ 16. Nd2 Rab8 17. Rxc3 Qxc3 18. Bxa6 Qa3 19. Qe2 Qc1+ 20. Qd1 Qa3 21. Qe2 Qc1+ 22. Qd1 1/2-1/2

[Event "RUS Central Region-ch"]
[Site "Tula "]
[Date "2007.03.24"]
[Round "8"]
[White "Chebotarev, Oleg"]
[Black "Okrugin, Sergey"]
[Result "1-0"]
[WhiteElo "2512"]
[BlackElo "2350"]
[PlyCount "111"]
[EventDate "2007.03.17"]
[EventType "swiss"]
[EventRounds "9"]
[EventCountry "RUS"]
[SourceTitle "EXT 2008"]
[Source "ChessBase"]
[SourceDate "2007.11.25"]
[SourceVersion "1"]
[SourceVersionDate "2007.11.25"]
[SourceQuality "1"]

1. e4 c5 2. Nf3 d6 3. d4 cxd4 4. Nxd4 Nf6 5. Nc3 a6 6. f3 e5 7. Nb3 Be6 8. Be3 Be7 9. Qd2 0-0 10. 0-0-0 b5 11. g4 Nbd7 12. g5 Nh5 13. Nd5 Bxd5 14. exd5 f5 15. gxf6 Rxf6 16. Kb1 b4 17. Qxb4 Rxf3 18. Bc1 Rf8 19. Na5 Nc5 20. Nc6 Qc7 21. Be3 Nf4 22. Bc4 Kh8 23. Rhg1 a5 24. Qa3 Ne4 25. Bb5 Bh4 26. Rgf1 Bg5 27. c4 Ng6 28. Rxf8+ Nxf8 29. Bxg5 Nxg5 30. Ba4 Nd7 31. Bc2 Nc5 32. b4 Qb6 33. Ka1 Na6 34. c5 dxc5 35. bxa5 Qc7 36. h4 Nb4 37. Ba4 Nf7 38. Nxb4 cxb4 39. Qxb4 Qxa5 40. Qxa5 Rxa5 41. Bb3 Ra6 42. a4 g6 43. Rc1 Kg7 44. Rc7 Kf6 45. Kb2 h6 46. Ka3 e4 47. Bc4 Ra8 48. Kb4 e3 49. a5 Nd6 50. Be2 Ke5 51. a6 Rb8+ 52. Kc5 Ne4+ 53. Kc6 Rb2 54. a7 Ra2 55. Re7+ Kd4 56. d6 1-0

[Event "RUS Central Region-ch"]
[Site "Tula "]
[Date "2007.03.20"]
[Round "4"]
[White "Chebotarev, Oleg"]
[Black "Statsenko, Viktor"]
[Result "1-0"]
[WhiteElo "2512"]
[BlackElo "2169"]
[PlyCount "51"]
[EventDate "2007.03.17"]
[EventType "swiss"]
[EventRounds "9"]
[EventCountry "RUS"]
[SourceTitle "EXT 2008"]
[Source "ChessBase"]
[SourceDate "2007.11.25"]
[SourceVersion "1"]
[SourceVersionDate "2007.11.25"]
[SourceQuality "1"]

1. e4 c5 2. Nf3 Nc6 3. Bb5 e6 4. 0-0 Nge7 5. c3 a6 6. Ba4 b5 7. Bc2 Bb7 8. d4 cxd4 9. Nxd4 d6 10. Bg5 Qc7 11. Nd2 Rc8 12. Rc1 h6 13. Be3 g6 14. a4 b4 15. Nc4 d5 16. exd5 exd5 17. Nxc6 dxc4 18. Nxb4 Rd8 19. Qg4 Bg7 20. a5 Qxa5 21. Ra1 Qc7 22. Nxa6 Qe5 23. Bd4 Rxd4 24. cxd4 Qxd4 25. Nc7+ Kf8 26. Rad1 1-0

[Event "Chigorin Memorial-A 14th"]
[Site "St Petersburg"]
[Date "2006.10.23"]
[Round "1"]
[White "Chebotarev, Oleg"]
[Black "Kanep, Meelis"]
[Result "1/2-1/2"]
[WhiteElo "2508"]
[BlackElo "2510"]
[PlyCount "68"]
[EventDate "2006.10.23"]
[EventType "swiss"]
[EventRounds "9"]
[EventCountry "RUS"]
[SourceTitle "EXT 2007"]
[Source "ChessBase"]
[SourceDate "2006.11.23"]
[SourceVersion "1"]
[SourceVersionDate "2006.11.23"]
[SourceQuality "1"]

1. e4 c5 2. Nf3 d6 3. Bb5+ Bd7 4. Bxd7+ Qxd7 5. 0-0 Nf6 6. Qe2 e6 7. c3 Nc6 8. d4 cxd4 9. cxd4 d5 10. e5 Ng8 11. Nbd2 Nge7 12. Nb3 Nc8 13. h4 a5 14. a4 Be7 15. h5 h6 16. Bf4 Qd8 17. Rfc1 Qb6 18. Qe3 Qa6 19. Nc5 Bxc5 20. Rxc5 N8e7 21. g4 b6 22. Rc3 Rc8 23. Rac1 Kd7 24. Bg3 Nb4 25. Bh4 Na2 26. Rxc8 Rxc8 27. Rxc8 Qxc8 28. Qd3 Nb4 29. Qh7 Qg8 30. Qxg8 Nxg8 31. Kf1 Nd3 32. b3 g6 33. hxg6 fxg6 34. Ke2 Nb4 1/2-1/2

[Event "RUS-ch 1st League 59th"]
[Site "Tomsk"]
[Date "2006.09.10"]
[Round "8"]
[White "Chebotarev, Oleg"]
[Black "Shaposhnikov, Evgeny"]
[Result "1-0"]
[WhiteElo "2505"]
[BlackElo "2547"]
[PlyCount "59"]
[EventDate "2006.09.03"]
[EventType "swiss"]
[EventRounds "9"]
[EventCountry "RUS"]
[SourceTitle "CBM 114 Extra"]
[Source "ChessBase"]
[SourceDate "2006.11.03"]
[SourceVersion "1"]
[SourceVersionDate "2006.11.03"]
[SourceQuality "1"]

1. e4 c5 2. Nf3 Nc6 3. d4 cxd4 4. Nxd4 Qb6 5. Nb3 Nf6 6. Nc3 e6 7. Qe2 Bb4 8. Bd2 0-0 9. a3 Bxc3 10. Bxc3 e5 11. 0-0-0 Qc7 12. g4 d6 13. g5 Nd7 14. Qe3 Nb6 15. f4 exf4 16. Qxf4 Na4 17. Be1 Ne5 18. Bb4 Nc5 19. Nd4 Bd7 20. Nf5 Ba4 21. Bc3 Rad8 22. Rxd6 Rfe8 23. Bxe5 Bxc2 24. Nh6+ gxh6 25. Rg6+ hxg6 26. Bxc7 Bxe4 27. Bxd8 Nb3+ 28. Kd1 Rxd8+ 29. Ke1 Bxh1 30. gxh6 1-0

[Event "RUS-ch 1st League 59th"]
[Site "Tomsk"]
[Date "2006.09.08"]
[Round "6"]
[White "Chebotarev, Oleg"]
[Black "Zakhartsov, Viacheslav V"]
[Result "1/2-1/2"]
[WhiteElo "2505"]
[BlackElo "2548"]
[PlyCount "122"]
[EventDate "2006.09.03"]
[EventType "swiss"]
[EventRounds "9"]
[EventCountry "RUS"]
[SourceTitle "CBM 114 Extra"]
[Source "ChessBase"]
[SourceDate "2006.11.03"]
[SourceVersion "1"]
[SourceVersionDate "2006.11.03"]
[SourceQuality "1"]

1. e4 c5 2. Nf3 d6 3. Bb5+ Bd7 4. Bxd7+ Qxd7 5. 0-0 Nc6 6. c3 Nf6 7. Qe2 e6 8. d4 cxd4 9. cxd4 d5 10. e5 Ne4 11. Be3 Be7 12. Ne1 f6 13. f3 Ng5 14. Nd3 0-0 15. Nd2 Nf7 16. f4 f5 17. Nf3 b6 18. h3 Rfc8 19. g4 Nh6 20. Qg2 g6 21. Kh2 Rc7 22. Rf2 Nb4 23. Nde1 Rac8 24. a3 Nc6 25. Ng5 Na5 26. Re2 Nb3 27. Rd1 a5 28. Nef3 Rc4 29. Rg1 Bd8 30. Qf2 R8c6 31. Qh4 Qg7 32. Qf2 a4 33. Nh4 Qf8 34. Rg2 fxg4 35. hxg4 Bxg5 36. fxg5 Qxf2 37. Rexf2 Nf7 38. Nf3 b5 39. Kg3 b4 40. axb4 Rxb4 41. Rf1 Rbc4 42. Rgf2 Rc7 43. Nd2 Nxd2 44. Rxd2 Rc2 45. Rf6 Rxd2 46. Bxd2 Rc2 47. Be3 Nd8 48. Rf2 Rc4 49. Rf1 Kg7 50. Rf2 Nf7 51. Rf6 Rc6 52. Bd2 Rb6 53. Ba5 Rxb2 54. Rxe6 a3 55. Ra6 a2 56. Bc7 Nxg5 57. Bd8 Ne4+ 58. Kf4 Rf2+ 59. Ke3 Rf8 60. Be7 Rf7 61. Bc5 Ng5 1/2-1/2

[Event "RUS-ch 1st League 59th"]
[Site "Tomsk"]
[Date "2006.09.06"]
[Round "4"]
[White "Chebotarev, Oleg"]
[Black "Najer, Evgeniy"]
[Result "1/2-1/2"]
[WhiteElo "2505"]
[BlackElo "2677"]
[PlyCount "110"]
[EventDate "2006.09.03"]
[EventType "swiss"]
[EventRounds "9"]
[EventCountry "RUS"]
[SourceTitle "CBM 114 Extra"]
[Source "ChessBase"]
[SourceDate "2006.11.03"]
[SourceVersion "1"]
[SourceVersionDate "2006.11.03"]
[SourceQuality "1"]

1. e4 c5 2. Nf3 d6 3. Bb5+ Nc6 4. 0-0 Bd7 5. c3 Nf6 6. Re1 a6 7. Ba4 b5 8. Bc2 e5 9. h3 g6 10. d4 Bg7 11. dxc5 dxc5 12. a4 0-0 13. axb5 axb5 14. Rxa8 Qxa8 15. Qd6 Rc8 16. Nxe5 Nxe5 17. Qxe5 Bc6 18. Qf4 Re8 19. Nd2 c4 20. Qe3 h5 21. f4 h4 22. Qf2 Nxe4 23. Nxe4 Bxe4 24. Bxe4 Rxe4 25. Rxe4 Qxe4 26. Qxh4 b4 27. cxb4 g5 28. Qg3 Qb1 29. Qe1 Bxb2 30. Bd2 Qd3 31. fxg5 Bd4+ 32. Kh2 c3 33. Bf4 c2 34. h4 Qd1 35. Qe4 Bg1+ 36. Kh3 Bd4 37. g6 fxg6 38. Qxg6+ Bg7 39. Qe8+ Kh7 40. Qe4+ Kh8 41. b5 Qh1+ 42. Kg4 Qd1+ 43. Kh3 Qh1+ 44. Kg3 c1B 45. Bxc1 Qxc1 46. Qe8+ Kh7 47. Qh5+ Kg8 48. Qd5+ Kh8 49. Qd8+ Kh7 50. Qd3+ Kh6 51. Kf3 Bf6 52. g3 Be5 53. Kg2 Qb2+ 54. Kh3 Qf2 55. Kg4 Bxg3 1/2-1/2

[Event "RUS-ch 1st League 59th"]
[Site "Tomsk"]
[Date "2006.09.05"]
[Round "3"]
[White "Lastin, Alexander"]
[Black "Chebotarev, Oleg"]
[Result "0-1"]
[WhiteElo "2613"]
[BlackElo "2505"]
[PlyCount "67"]
[EventDate "2006.09.03"]
[EventType "swiss"]
[EventRounds "9"]
[EventCountry "RUS"]
[SourceTitle "CBM 114 Extra"]
[Source "ChessBase"]
[SourceDate "2006.11.03"]
[SourceVersion "1"]
[SourceVersionDate "2006.11.03"]
[SourceQuality "1"]

1. d4 e6 2. c4 d5 3. Nc3 Be7 4. Nf3 Nf6 5. Bg5 h6 6. Bh4 0-0 7. e3 b6 8. Bd3 Bb7 9. 0-0 Nbd7 10. Bg3 a6 11. cxd5 Nxd5 12. e4 Nxc3 13. bxc3 c5 14. Qe2 cxd4 15. cxd4 b5 16. Rad1 Rc8 17. Bb1 Rc3 18. d5 exd5 19. exd5 Bf6 20. Rfe1 Nb6 21. Ne5 Re8 22. Qh5 Bxd5 23. Qf5 g6 24. Nxg6 Rxe1+ 25. Rxe1 Be6 26. Qe4 Rc4 27. Qe3 Rc3 28. Qxh6 Bg7 29. Qh5 Qd2 30. Rf1 Rc1 31. Ne7+ Kf8 32. Bd3 Kxe7 33. Bh4+ Kd7 34. Qh7 0-1

[Event "RUS-ch 1st League 59th"]
[Site "Tomsk"]
[Date "2006.09.04"]
[Round "2"]
[White "Chebotarev, Oleg"]
[Black "Grigoriants, Sergey"]
[Result "0-1"]
[WhiteElo "2505"]
[BlackElo "2579"]
[PlyCount "78"]
[EventDate "2006.09.03"]
[EventType "swiss"]
[EventRounds "9"]
[EventCountry "RUS"]
[SourceTitle "CBM 114 Extra"]
[Source "ChessBase"]
[SourceDate "2006.11.03"]
[SourceVersion "1"]
[SourceVersionDate "2006.11.03"]
[SourceQuality "1"]

1. e4 c5 2. Nf3 e6 3. d4 cxd4 4. Nxd4 Nc6 5. Nc3 a6 6. Nxc6 bxc6 7. Bd3 d5 8. Qe2 Nf6 9. 0-0 Be7 10. Bd2 0-0 11. Rae1 Re8 12. e5 Nd7 13. Na4 a5 14. c4 Ba6 15. b3 dxc4 16. Bxc4 Bxc4 17. Qxc4 Nxe5 18. Qc2 Qd3 19. Qc1 Qf5 20. Re3 Red8 21. Bc3 Ng6 22. Rf3 Qb5 23. Qb2 e5 24. Qc2 Ra7 25. Nb2 Bb4 26. a4 Qc5 27. Nc4 Rad7 28. Bb2 f6 29. Bc1 Qd4 30. h3 Ne7 31. Be3 Qd5 32. Rc1 Rb7 33. h4 Qd3 34. Qa2 Qe4 35. Bb6 Rd5 36. h5 h6 37. Qc2 Qxc2 38. Rxc2 e4 39. Re3 Nc8 0-1

[Event "Voronezh op-A"]
[Site "Voronezh"]
[Date "2006.06.13"]
[Round "2"]
[White "Okrugin, Sergey"]
[Black "Chebotarev, Oleg"]
[Result "0-1"]
[WhiteElo "2355"]
[BlackElo "2493"]
[PlyCount "80"]
[EventDate "2006.06.12"]
[EventType "swiss"]
[EventRounds "9"]
[EventCountry "RUS"]
[SourceTitle "CBM 112 Extra"]
[Source "ChessBase"]
[SourceDate "2006.07.14"]
[SourceVersion "1"]
[SourceVersionDate "2006.07.14"]
[SourceQuality "1"]

1. e4 c5 2. Nf3 e6 3. Nc3 Nc6 4. d4 cxd4 5. Nxd4 a6 6. Be3 Nf6 7. Be2 Bb4 8. Bf3 Ne5 9. Nde2 Qc7 10. Qd4 Be7 11. Ng3 Nc4 12. b3 Nxe3 13. Qxe3 Bc5 14. Qd3 h5 15. Na4 Ba7 16. Qc3 Qxc3+ 17. Nxc3 d6 18. h4 Ke7 19. Nce2 e5 20. 0-0 g6 21. c4 Be6 22. Rac1 Ng4 23. Nc3 Rac8 24. Nge2 Rc7 25. g3 Rhc8 26. Bxg4 hxg4 27. Kg2 Rc5 28. a4 f5 29. Rcd1 R5c6 30. exf5 gxf5 31. Nd5+ Kf7 32. f3 gxf3+ 33. Rxf3 b5 34. Nb4 Rb6 35. cxb5 axb5 36. a5 Rb7 37. Rc3 Rxc3 38. Nxc3 Bxb3 39. Rxd6 Bc5 40. a6 Bxb4 0-1

[Event "RUS-chT2 13th"]
[Site "Sochi"]
[Date "2006.04.25"]
[Round "6"]
[White "Chebotarev, Oleg"]
[Black "Dobrov, Vladimir"]
[Result "1-0"]
[WhiteElo "2493"]
[BlackElo "2510"]
[PlyCount "125"]
[EventDate "2006.04.20"]
[EventType "team-tourn"]
[EventRounds "11"]
[EventCountry "RUS"]
[SourceTitle "EXT 2007"]
[Source "ChessBase"]
[SourceDate "2006.11.23"]
[SourceVersion "1"]
[SourceVersionDate "2006.11.23"]
[SourceQuality "1"]

1. e4 c5 2. Nf3 d6 3. Bb5+ Nc6 4. 0-0 Bd7 5. Re1 Nf6 6. c3 a6 7. Ba4 b5 8. Bc2 Bg4 9. d3 g6 10. Nbd2 Bg7 11. h3 Bxf3 12. Nxf3 0-0 13. d4 cxd4 14. cxd4 d5 15. e5 Ne4 16. Nh4 f6 17. Be3 fxe5 18. dxe5 Nxe5 19. Bd4 Nc4 20. Bxg7 Kxg7 21. Bxe4 dxe4 22. Rxe4 Qxd1+ 23. Rxd1 Ra7 24. Re2 Rc8 25. Nf3 Nd6 26. Rde1 Rcc7 27. Ng5 Rc6 28. Ne6+ Kg8 29. b3 Nc8 30. Re3 Nb6 31. Rf3 Ra8 32. h4 Nd5 33. g4 Rac8 34. Kg2 Rc3 35. Rxc3 Nxc3 36. Ng5 h6 37. Nf3 Kf7 38. g5 h5 39. Ne5+ Kg7 40. Nd7 Kf7 41. Ne5+ Kg7 42. Rc1 b4 43. Nc4 Rc6 44. a3 Re6 45. axb4 Na2 46. Rd1 Nxb4 47. f4 Re2+ 48. Kf3 Rc2 49. Rd7 Nc6 50. Ke4 Kf8 51. Kd5 Nb4+ 52. Ke6 Nc6 53. Kd5 Nb4+ 54. Kc5 Ke8 55. Rd4 Na2 56. Rd2 Rxd2 57. Nxd2 Nc1 58. Kb6 Kf7 59. Kxa6 Ke6 60. b4 Na2 61. b5 Nc3 62. b6 Na4 63. Nf3 1-0

[Event "RUS-chT2 13th"]
[Site "Sochi"]
[Date "2006.04.21"]
[Round "2"]
[White "Chebotarev, Oleg"]
[Black "Slizhevsky, Alexander"]
[Result "1/2-1/2"]
[WhiteElo "2493"]
[BlackElo "2435"]
[PlyCount "74"]
[EventDate "2006.04.20"]
[EventType "team-tourn"]
[EventRounds "11"]
[EventCountry "RUS"]
[SourceTitle "EXT 2007"]
[Source "ChessBase"]
[SourceDate "2006.11.23"]
[SourceVersion "1"]
[SourceVersionDate "2006.11.23"]
[SourceQuality "1"]

1. e4 c5 2. Nf3 d6 3. d4 cxd4 4. Qxd4 Nc6 5. Bb5 Bd7 6. Bxc6 Bxc6 7. Nc3 Nf6 8. Bg5 e6 9. 0-0-0 Be7 10. Qd3 h6 11. Bh4 0-0 12. Nd4 Qc7 13. Bg3 Rfd8 14. f4 Rab8 15. a3 b5 16. f5 e5 17. Nxc6 Qxc6 18. Bh4 b4 19. axb4 Rxb4 20. Bxf6 Bxf6 21. Nd5 Bg5+ 22. Kb1 Rxb2+ 23. Kxb2 Rb8+ 24. Qb3 Rxb3+ 25. cxb3 Qc5 26. Rhf1 Be3 27. b4 Bd4+ 28. Kb3 Qb5 29. f6 a5 30. fxg7 Bc5 31. Rf3 Bxb4 32. Rdf1 Bc5+ 33. Kc3 Bd4+ 34. Kd2 Qb2+ 35. Kd3 Qb3+ 36. Kd2 Qb2+ 37. Kd3 Qb3+ 1/2-1/2

[Event "RUS-chT2 13th"]
[Site "Sochi"]
[Date "2006.04.20"]
[Round "1"]
[White "Sergienko, Sergey"]
[Black "Chebotarev, Oleg"]
[Result "0-1"]
[WhiteElo "2456"]
[BlackElo "2493"]
[PlyCount "64"]
[EventDate "2006.04.20"]
[EventType "team-tourn"]
[EventRounds "11"]
[EventCountry "RUS"]
[SourceTitle "EXT 2007"]
[Source "ChessBase"]
[SourceDate "2006.11.23"]
[SourceVersion "1"]
[SourceVersionDate "2006.11.23"]
[SourceQuality "1"]

1. d4 d5 2. c4 e6 3. Nc3 Be7 4. Nf3 Nf6 5. Bg5 h6 6. Bxf6 Bxf6 7. cxd5 exd5 8. e3 0-0 9. Bd3 c6 10. 0-0 a5 11. a3 Na6 12. Rb1 Nc7 13. Qc2 Re8 14. Na4 Nb5 15. Bxb5 cxb5 16. Nc3 b4 17. Na4 Bg4 18. Nd2 Be7 19. h3 Be2 20. Rfe1 Rc8 21. Nc5 Bb5 22. Qb3 b6 23. Na4 Rc6 24. Nf3 Bd6 25. axb4 axb4 26. Nc3 Bc4 27. Qa4 Rc8 28. Ne2 b3 29. Ra1 b5 30. Qa6 Bb4 31. Nc3 Bxc3 32. bxc3 b4 0-1

[Event "Moscow op 02nd"]
[Site "Moscow"]
[Date "2006.02.05"]
[Round "8"]
[White "Kornev, Alexei"]
[Black "Chebotarev, Oleg"]
[Result "0-1"]
[WhiteElo "2570"]
[BlackElo "2494"]
[PlyCount "80"]
[EventDate "2006.01.29"]
[EventType "swiss"]
[EventRounds "9"]
[EventCountry "RUS"]
[SourceTitle "CBM 110 Extra"]
[Source "ChessBase"]
[SourceDate "2006.03.10"]
[SourceVersion "2"]
[SourceVersionDate "2006.03.10"]
[SourceQuality "1"]

1. e4 c5 2. Nf3 e6 3. d4 cxd4 4. Nxd4 Nc6 5. Nc3 a6 6. g3 Qc7 7. Bg2 Nf6 8. 0-0 Be7 9. Re1 Nxd4 10. Qxd4 Bc5 11. Qd1 d6 12. Be3 Bxe3 13. Rxe3 Bd7 14. Rd3 Ke7 15. Qd2 Bc6 16. Rd1 Rhd8 17. b4 h6 18. a4 Ng4 19. Rd4 Be8 20. Qe1 Rac8 21. Nd5+ exd5 22. exd5+ Kf8 23. Rxg4 Bxa4 24. Rc1 Bxc2 25. Rf4 Qd7 26. Qd2 Bf5 27. Rxc8 Rxc8 28. h4 Kg8 29. h5 Bg4 30. Be4 Re8 31. Qd3 Bxh5 32. Bh7+ Kh8 33. Bf5 Qb5 34. Qxb5 axb5 35. g4 Bg6 36. Bxg6 fxg6 37. Rf7 Re5 38. Rxb7 Rxd5 39. Kg2 Rd4 40. Rxb5 Rxg4+ 0-1